000
00276nam a22001217a 4500
003
OSt
005
20211223091937.0
008
211223b |||||||| |||| 00| 0 eng d
020
_a
9781420074062
040
_c
HU
245
_a
Introduction Grid Computing
942
_2
ddc
_c
BOOKS
_n
0
999
_c
23594
_d
23594